000 01574nam a2200373Ic 4500
001 59972
003 CO-BoRNBP
005 20251113154755.0
007 ta
008 210812s20172019gera er 000 0dspa d
020 _a9783836503976
040 _aCO-BoRNBP
_bspa
_erda
_cCO-BoRNBP
041 1 _aspa
_hger
082 0 4 _a759.4
_bH13m /
082 0 4 _a759.4
_bH23c
_222
100 1 _aHeinrich, Christoph
_eaut
_967361
245 1 0 _aClaude Monet 1840-1926 :
_bla percepción de la cara siempre cambiante de la realidad /
_cChristoph Heinrich ; traducción de María Ordóñez-Rey.
250 _aPrimera edición
264 1 _aColonia, Alemania :
_bTaschen,
_c2019
300 _a95 páginas :
_bilustraciones
336 _atexto
_btxt
_2rdacontent
337 _asin mediación
_bn
_2rdamedia
338 _avolumen
_bnc
_2rdacarrier
490 0 _aBásica de Arte
505 0 _aEl camino hacia el salón -- Un pintor encuentra sus temas -- El mundo como eterno domingo -- Los puentes de Argenteuil Invierno en Vétheuil -- Concentración y repetición: los cuadros de serie -- Otra luz en otros países -- El jardín de Giverny --Claude Monet 1840-1926, vida y obra
521 _aRecomendado para un público adulto
545 _aIncluye datos biográficos del autor en la solapa
600 0 _aMonet, Claude
_d1840-1926
_xVida y obra
_967362
650 0 7 _aImpresionismo (Arte)
_2lemb
_920403
650 0 7 _aPaisaje
_xObras ilustradas
_2lemb
_967363
650 0 0 _aPintores franceses
_ySiglo XIX
_2LEMB
_967364
700 _aOrdóñez-Rey, María
_etrl
_967342
942 _2ddc
_cBK
999 _c59972
_d59972